Revista expeditio / (Registro nro. 20000)
[ vista simple ]
| 000 -CABECERA | |
|---|---|
| Campo de control | 00953nas a2200265 a 4500 |
| 005 - FECHA Y HORA DE LA ULTIMA TRANSACCION | |
| Campo de control | 20191217042716.0 |
| 008 - ELEMENTOS DE LONGITUD FIJA—INFORMACION GENERAL | |
| Campo de control | 100611c20109999ck qrzp r 0 b spa d |
| 022 ## - ISSN | |
| ISSN | 2145-6836 |
| 040 ## - FUENTE DE CATALOGACIÓN | |
| Agencia catalogadora original | CO-BoBLA |
| Agencia transcriptora | CO-BoBLA |
| Agencia Modificadora | CO-BoIAVH |
| 041 0# - IDIOMA | |
| Código de idioma para texto/pista de sonido o título separado | Español |
| 044 ## - PAÍS DE PUBLICACIÓN | |
| País de publicación | Colombia |
| 090 ## - CLASIFICACIÓN LOCAL | |
| Colección | SE |
| 245 00 - MENCION DE TITULO | |
| Título | Revista expeditio / |
| Mención de responsabilidad | Universidad Jorge Tadeo Lozano |
| 246 14 - FORMA VARIANTE DEL TITULO | |
| Título propiamente dicho/forma breve del título | Expeditio |
| 260 3# - PUBLICACION, DISTRIBUCION, ETC. (PIE DE IMPRENTA) | |
| Lugar de publicación, distribución, etc. | Bogotá (Colombia) : |
| Nombre del editor, distribuidor, etc. | Universidad Jorge Tadeo Lozano, |
| Fecha de publicación, distribución, etc. | 2010-. |
| 300 ## - DESCRIPCION FISICA | |
| Otros detalles físicos | ilustraciones y fotografías ; |
| Dimensiones | 24 cm. |
| 310 ## - FRECUENCIA ACTUAL DE LA PUBLICACIÓN | |
| Frecuencia actual de la publicación | Trimestral |
| 610 24 - ASIENTO SECUNDARIO DE MATERIA - NOMBRE CORPORATIVO | |
| Nombre corporativo o nombre de la jurisdicción como elemento de entrad | Universidad de Bogotá Jorge Tadeo Lozano |
| Subdivisión de forma | Publicaciones periódicas |
| 650 26 - ASIENTO SECUNDARIO DE MATERIA - TERMINO TEMATICO | |
| Término temático o nombre geográfico como elemento de entrada | Ciencias sociales |
| Subdivisión de forma | Publicaciones periódicas |
| 9 (RLIN) | 90962 |
| 650 26 - ASIENTO SECUNDARIO DE MATERIA - TERMINO TEMATICO | |
| Término temático o nombre geográfico como elemento de entrada | Humanidades |
| Subdivisión de forma | Publicaciones periódicas |
| 9 (RLIN) | 90963 |
| 650 26 - ASIENTO SECUNDARIO DE MATERIA - TERMINO TEMATICO | |
| Término temático o nombre geográfico como elemento de entrada | Cultura |
| Subdivisión de forma | Publicaciones periódicas |
| 9 (RLIN) | 90964 |
| 650 26 - ASIENTO SECUNDARIO DE MATERIA - TERMINO TEMATICO | |
| Término temático o nombre geográfico como elemento de entrada | Investigación |
| Subdivisión de forma | Publicaciones periódicas |
| 9 (RLIN) | 90965 |
| 710 2# - ASIENTO SECUNDARIO - NOMBRE CORPORATIVO | |
| Nombre corporativo o de jurisdicción como elemento de entrada | Universidad de Bogotá Jorge Tadeo Lozano |
| 9 (RLIN) | 19165 |
| 942 ## - ELEMENTOS ADICIONALES (KOHA) | |
| Sistema de clasificación | Local |
| Tipo de ítem | Periodica o revista |
| Withdrawn status | Lost status | Sistema de Clasificación | Damaged status | No para préstamo | Colección | Fecha publicación (Año) | Número revista | Inventariado | Ubicación Permanente | Ubicación actual | Fecha de adquisición | Datos de publicación Seriada | Total Checkouts | Número topográfico | Inventario / Código de Barras | Date last seen | Ejemplar | Price effective from | Forma de adquisición | Tipo de material |
|---|---|---|---|---|---|---|---|---|---|---|---|---|---|---|---|---|---|---|---|---|
| Local | Hemeroteca | 2011 | 7 | Inventariado 2017 | Bogotá | Bogotá | 27/11/2017 | Número 7 (01/08/2011) | SE | 058082 | 27/11/2017 | Ej. 1 | 27/11/2017 | Donación | Periodica o revista | |||||
| Local | Hemeroteca | 2012 | 10 | Inventariado 2017 | Bogotá | Bogotá | 27/11/2017 | Número 10 (01/05/2012) | SE | 042017 | 27/11/2017 | Ej. 1 | 27/11/2017 | Donación | Periodica o revista | |||||
| Local | Hemeroteca | 2013 | 13 | Inventariado 2017 | Bogotá | Bogotá | 27/11/2017 | Número 13 (01/05/2013) | SE | 058300 | 27/11/2017 | Ej. 1 | 27/11/2017 | Donación | Periodica o revista | |||||
| Local | Hemeroteca | 2017 | 15 | Bogotá | Bogotá | 02/05/2018 | Número 15 (01/12/2017) | SE | 030084 | 02/05/2018 | Ej. 1 | 02/05/2018 | Donación | Periodica o revista | ||||||
| Local | Hemeroteca | 2018 | 16 | Bogotá | Bogotá | 02/05/2018 | Número 16 (01/06/2018) | SE | 030085 | 02/05/2018 | Ej. 1 | 02/05/2018 | Donación | Periodica o revista |